MARC details
| 000 -CABECERA |
| campo de control de longitud fija |
02306nab a2200241 i 4500 |
| 003 - IDENTIFICADOR DEL NÚMERO DE CONTROL |
| campo de control |
MX-MxUPN |
| 005 - FECHA Y HORA DE LA ÚLTIMA TRANSACCIÓN |
| campo de control |
20260110063936.0 |
| 007 - CAMPO FIJO DE DESCRIPCIÓN FÍSICA--INFORMACIÓN GENERAL |
| campo de control de longitud fija |
cr a |
| 008 - ELEMENTOS DE LONGITUD FIJA--INFORMACIÓN GENERAL |
| campo de control de longitud fija |
260109s2023 ag|a||||o|||| 00| spa d |
| 040 ## - FUENTE DE LA CATALOGACIÓN |
| Centro catalogador/agencia de origen |
MX-MxUPN |
| Lengua de catalogación |
spa |
| Centro/agencia transcriptor |
MX-MxUPN |
| 041 0# - CÓDIGO DE IDIOMA |
| Código de lengua del texto/banda sonora o título independiente |
spa |
| 100 1# - ASIENTO PRINCIPAL--NOMBRE PERSONAL |
| Nombre de persona |
Sota, Eduardo |
| 9 (RLIN) |
58601 |
| 245 10 - MENCIÓN DE TÍTULO |
| Título |
Valores epistémicos y sociales del discurso científico: primera parte |
| Medio |
[recurso electrónico en línea] |
| 506 0# - NOTA DE RESTRICCIONES AL ACCESO |
| Limitaciones de acceso |
Acceso abierto. |
| 520 3# - NOTA DE RESUMEN, ETC. |
| Sumario, etc. |
Es frecuente la distinción entre juicios descriptivos, valorativos y normativos. La doxa científica tradicional ha procurado justificar que solo los primeros poseen contenido cognitivo mientras que los otros distorsionan la empresa científica. La incontaminación de tales juicios ha sido el desiderátum del ideal de la ciencia “libre de valores” que bajo diversas estrategias y concesiones ha mantenido una vigencia robusta. En principio, desarrollaremos una versión más o menos convencional y actualizada del ideal de la ciencia “libre de valores” –en particular, la expuesta por Lacey– para, a continuación, dar lugar a diversas críticas emplazadas desde diversos supuestos y con distintos alcances. La estrategia adoptada será pasar a examen diversas tesis proporcionadas por los mismos científicos y/o epistemólogos sociales para destacar que todas ellas coinciden en que los valores denominados no epistémicos no sólo son legítimos sino que, y bajo determinada perspectiva uno podría afirmar que es indistinguible la diferenciación entre juicios de valor epistémicos/no epistémicos – señaladamente, la enunciada por Kitcher–. En esta dirección daremos, empero, un paso más fuerte y sostendremos –en la segunda parte– que las teorías sociales también conllevan juicios normativos, esto es, de construcción del mismo objeto de estudio y esto desde ciertos componentes axiológicos y con consecuencias (normativas/prescriptivas) acerca de cómo debe ser tratado ese sujeto-objeto. |
| 650 #4 - ASIENTO SECUNDARIO DE MATERIA - TERMINO TEMATICO |
| Término de materia o nombre geográfico como elemento de entrada |
Ciencia |
| 9 (RLIN) |
7469 |
| 650 #4 - ASIENTO SECUNDARIO DE MATERIA - TERMINO TEMATICO |
| Término de materia o nombre geográfico como elemento de entrada |
Valores |
| 9 (RLIN) |
308 |
| 650 #4 - ASIENTO SECUNDARIO DE MATERIA - TERMINO TEMATICO |
| Término de materia o nombre geográfico como elemento de entrada |
Constructivismo |
| 9 (RLIN) |
10397 |
| 773 ## - ENLACE AL DOCUMENTO FUENTE/ENTRADA DE REGISTRO ANFITRIÓN |
| Parte(s) relacionada(s) |
Vol. 21, no. 21 (2023), p. 1-27 |
| Título |
Educación, lenguaje y sociedad |
| Número Internacional Normalizado para Publicaciones Seriadas |
2545-7667 |
| 856 40 - LOCALIZACIÓN Y ACCESO ELECTRÓNICOS |
| Identificador Uniforme del Recurso |
<a href="https://cerac.unlpam.edu.ar/index.php/els/article/view/7519">https://cerac.unlpam.edu.ar/index.php/els/article/view/7519</a> |
| 902 ## - ELEMENTOS DE DATOS B LOCAL, LDB (RLIN) |
| Creó |
Víctor Ruiz/090126 |
| 942 ## - ELEMENTOS DE PUNTO DE ACCESO ADICIONAL (KOHA) |
| Fuente del sistema de clasificación o colocación |
Library of Congress Classification |
| Tipo de ítem Koha |
Artículo Electrónico |